| 000 | 00799nam a2200229Ia 4500 | ||
|---|---|---|---|
| 003 | CO-CtgCURN | ||
| 005 | 20250410155946.0 | ||
| 008 | 190723s9999 xx 000 0 und d | ||
| 020 | _a9586163490 | ||
| 040 |
_aCO-CtgCURN _bspa _ccoctgcurn |
||
| 082 |
_a345.02 _bJ25s |
||
| 100 |
_aJakobs, Gunther _d1937- |
||
| 245 | 0 |
_aSobre la teoría de la pena / _cGunther Jakobs; traducción., Manuel Cancio Melia |
|
| 260 |
_aBogotá, Colombia : _bUniversidad Externado de Colombia, _c2000 |
||
| 300 |
_a34 páginas ; _c20 centímetros |
||
| 521 | _aAREA PROFESIONAL | ||
| 590 | _aPrograma de Derecho_18 | ||
| 650 | _aDerecho penal | ||
| 700 |
_aCancio Melia, Manuel _etraductor |
||
| 942 |
_cBK _h345.02 _iJ25s _2ddc _n0 |
||
| 999 |
_c28791 _d28791 |
||